000 00980nam a22002177a 4500
003 OSt
005 20260323055453.0
008 260323b |||||||| |||| 00| 0 eng d
020 _a9781419766947
040 _aDWCL GS lib
_cOC
082 _aF K55 2023
100 _aKinney, Jeff
245 _aDiary of a Wimpy Kid :
_bNo Brainer /
_cJeff Kinney
260 _aUnited States
_bAbrams Books
_cc2023.
300 _avii, 217 pages:
_billustrations
_c21cm.
520 _aIn Diary of a Wimpy Kid: No Brainer (Book 18), Greg Heffley’s crumbling middle school faces closure due to budget cuts and low test scores, threatening to separate him from his best friend, Rowley. Greg reluctantly tries to boost school spirit to save it, tackling, in his typical humorous style, issues like corporate sponsorship in schools, teacher shortages, and crumbling facilities.
546 _aEnglish
650 _aChildren's literature
650 _aGraphic Novel
942 _2ddc
_cFIC.
_hFic.
_n0
999 _c9267
_d9267